000 00778nam a2200241 a 4500
001 BRCA_4672
005 20190320204747.0
008 010228s2000----sp-#######---#000-0#spa-#
020 _a8488333439
041 _aspa
044 _asp
050 4 _aPQ6390
_b.D36 2000
100 1 _aDemattáe, Claudia
_911851
245 1 0 _aFélix Magno
_b(libro I-II)(Sevilla, Sebastián Trugillo, 1549) : guía de lectura
_cpor Claudia Demattáe.
260 _aAlcalá de Henares [España] :
_bCentro de Estudios Cervantinos
_c2000
300 _a90 p.
_c24 cm.
440 0 _aGuías de lectura caballeresca
_v40
_911852
500 _aIncluye índice general de la colección
504 _aBibliografía: p. 85-86
650 1 4 _aLiteratura
_zEspaña
_911853
902 _aCERV
942 _2lcc
_cB
999 _c4373
_d4373